Deutscher WM Kader 1954 - Statistiken

Allgemein
  • Dieses Quiz wurde 40 mal gespielt
  • Das Durchschnittsergebnis liegt bei 9 aus 24
Antwortstatistiken
Position Rückennummer Verein Name % Korrekt
Sturm 12 Rot-Weiss Essen Helmut Rahn
100%
16 1. FC Kaiserslautern Fritz Walter
93%
15 1. FC Kaiserslautern Ottmar Walter
93%
Tor 1 Fortuna Düsseldorf Toni Turek
79%
Mittelfeld 6 1. FC Kaiserslautern Horst Eckel
68%
Trainer Sepp Herberger
68%
13 1. FC Nürnberg Max Morlock
64%
20 1. FC Köln Hans Schäfer
54%
3 1. FC Kaiserslautern Werner Kohlmeyer
43%
7 Hamburger SV Jupp Posipal
32%
8 SpVgg Fürth Karl Mai
32%
10 1. FC Kaiserslautern Werner Liebrich
29%
22 Borussia Dortmund Heinrich Kwiatkowski
21%
19 Eintracht Frankfurt Alfred Pfaff
14%
14 FC Schalke 04 Bernhard Klodt
14%
5 SpVgg Fürth Herbert Erhard
14%
9 1. FC Köln Paul Mebus
14%
17 FSV Frankfurt Richard Herrmann
14%
Abwehr 2 Hamburger SV Fritz Laband
11%
4 FC Bayern München Hans Bauer
7%
21 FK Pirmasens Heinz Kubsch
7%
18 BC Augsburg Ulrich Biesinger
7%
11 KSV Hessen Kassel Karl-Heinz Metzner
4%
Co-Trainer Albert Sing
0%
Keine übereinstimmenden Quizze gefunden
Verteilung der Resultate
Anzahl Personen mit jedem Resultat
Perzentil nach korrekt beantworteten Fragen
Ihre Resultats-Entwicklung
Sie haben dieses Quiz noch nicht gespielt